|
|
|
|
| LEADER |
00000cam a2200000 7i4500 |
| 001 |
0000046323 |
| 005 |
20150324.0 |
| 008 |
24032015 |
| 020 |
|
|
|a 9789836202625
|
| 020 |
|
|
|a 9836202625
|
| 090 |
0 |
0 |
|a 801
|b RAH
|
| 100 |
1 |
|
|a Rahman Shaari
|
| 245 |
1 |
0 |
|a Kritikan sastera melayu :
|b pendekatan dan pemikiran
|c Rahman Shaari
|
| 260 |
|
|
|a Kuala Lumpur :
|b Dewan Bahasa dan Pustaka ,
|c 1988
|
| 650 |
|
0 |
|a Malay literature
|x History and criticism
|
| 999 |
|
|
|a 0000108829
|b Book
|c Adult Collection
|e Cawangan Tmn. Ungku Tun Aminah
|
| 999 |
|
|
|a 0000108832
|b Book
|c Adult Collection
|e Cawangan Mersing
|
| 999 |
|
|
|a 0000108835
|b Book
|c Adult Collection
|e Cawangan Muar
|